书目信息 |
| 题名: |
中国就业结构转变与城市化
|
|
| 作者: | 田明 著 | |
| 分册: | ||
| 出版信息: | 北京 科学出版社 2008 |
|
| 页数: | 171页 | |
| 开本: | 26cm | |
| 丛书名: | ||
| 单 册: | ||
| 中图分类: | F249.214 , F299.21 | |
| 科图分类: | ||
| 主题词: | 劳动就业--经济结构--研究--中国 , 城市化--研究--中国 , 劳动就业 , 经济结构 , 城市化 | |
| 电子资源: | ||
| ISBN: | 978-7-03-021114-9 | |
| 000 | 01051nam0 2200301 45 | |
| 001 | 1029928300 | |
| 005 | 20100428144908.89 | |
| 010 | @a978-7-03-021114-9@dCNY38.00 | |
| 100 | @a20100420d2008 em y0chiy0110 ea | |
| 101 | 0 | @achi |
| 102 | @aCN@b110000 | |
| 105 | @ab z 000yy | |
| 106 | @ar | |
| 200 | 1 | @a中国就业结构转变与城市化@AZhong Guo Jiu Ye Jie Gou Zhuan Bian Yu Cheng Shi Hua@f田明著@FTian Ming Zhu |
| 210 | @a北京@c科学出版社@d2008 | |
| 215 | @a171页@c地图@d26cm | |
| 300 | @a本书得到中国博士后科学基金(20060400127)资助 | |
| 330 | @a本书分析了中国就业结构和城市化演变的历史过程及特点,比较了不同时期就业结构和城市化的区域发展差异,以及区域差异与经济增长和产业结构变动的关系,总结了就业结构转变与城市化的周期演变规律。 | |
| 606 | 0 | @a劳动就业@x经济结构@x研究@y中国 |
| 606 | 0 | @a城市化@x研究@y中国 |
| 606 | 0 | @a劳动就业 |
| 606 | 0 | @a经济结构 |
| 606 | 0 | @a城市化 |
| 690 | @aF249.214@v4 | |
| 690 | @aF299.21@v4 | |
| 701 | 0 | @a田明@ATian Ming@4著 |
| 801 | 0 | @aCN@bTANGWEI@c20100428 |
| 905 | @b0594413-17@dF249.214@e96@f5 | |
| 中国就业结构转变与城市化/田明著.-北京:科学出版社,2008 |
| 171页:地图;26cm |
| 本书得到中国博士后科学基金(20060400127)资助 |
| ISBN 978-7-03-021114-9:CNY38.00 |
| 本书分析了中国就业结构和城市化演变的历史过程及特点,比较了不同时期就业结构和城市化的区域发展差异,以及区域差异与经济增长和产业结构变动的关系,总结了就业结构转变与城市化的周期演变规律。 |
| ● |
| 相关链接 |
|
|
|
|
正题名:中国就业结构转变与城市化
索取号:F249.214/96
 
预约/预借
| 序号 | 登录号 | 条形码 | 馆藏地/架位号 | 状态 | 备注 |
| 1 | 0594413 | 205944139 | 第一样本阅览室/ [索取号:F249.214/96] | 在馆 | |
| 2 | 0594414 | 205944148 | 第一借阅区/ [索取号:F249.214/96] | 在馆 | |
| 3 | 0594415 | 205944157 | 第一借阅区/ [索取号:F249.214/96] | 在馆 | |
| 4 | 0594416 | 205944166 | 第一借阅区/ [索取号:F249.214/96] | 在馆 | |
| 5 | 0594417 | 205944175 | 第一借阅区/ [索取号:F249.214/96] | 在馆 |